Statistiken für Jüngste Musiker bei Wetten, dass...

Klicken Sie hier um das Quiz zu spielen!

Allgemein

  • Dieses Quiz wurde 22 mal gespielt
    (8 seit der letzten Aktualisierung)
  • Das Durchschnittsergebnis liegt bei 4 aus 16

Antwortstatistiken

Nr.DatumAlterLiedMusiker% Korrekt
1425. Januar 200317 Jahre 151 TageWe Have a DreamDaniel Küblböck
71%
901. April 200616 Jahre 212 TageRette michBill Kaulitz
43%
509. November 199615 Jahre 286 TageQuit Playing Games (with My Heart)Nick Carter
43%
01. April 200616 Jahre 212 TageRette michTom Kaulitz
43%
307. Oktober 199513 Jahre 288 TageFirst TimeAngelo Kelly
29%
1104. Oktober 200816 Jahre 360 TageSweet About MeGabriella Cilmi
29%
1501. April 200617 Jahre 205 TageRette michGustav Schäfer
29%
407. Oktober 199514 Jahre 307 TageFirst TimeMaite Kelly
29%
818. Juni 201116 Jahre 127 Tage'O sole mioGianluca Ginoble
14%
1018. Juni 201116 Jahre 257 Tage'O sole mioIgnazio Boschetto
14%
1219. März 201117 Jahre 18 TageMedleyJustin Bieber
14%
622. März 199716 Jahre 50 TageI Want You BackJustin Timberlake
14%
705. Dezember 199816 Jahre 99 TageHow Do I LiveLeAnn Rimes
14%
210. Mai 198613 Jahre 207 TageJ’Aime la VieSandra Kim
14%
1325. Januar 200317 Jahre 82 TageWe Have a DreamVanessa Struhler
14%
119. Mai 19849 Jahre 166 TageFeuerwerkAngela Smecca
0%

Verteilung der Resultate

Perzentil nach korrekt beantworteten Fragen

Anzahl Personen mit jedem Resultat

Ihre Resultats-Entwicklung

Sie haben dieses Quiz seit der letzten Aktualisierung nicht gespielt